Central Library OPAC University of Rajshahi

বাঙ্গালীর ইতিহাস : (Record no. 37894)

MARC details
000 -LEADER
fixed length control field 00900nam a2200241 a 4500
001 - CONTROL NUMBER
control field 37894
003 - CONTROL NUMBER IDENTIFIER
rucl marc code BD-RjUL
005 - DATE AND TIME OF LATEST TRANSACTION
control field 20211209052701.0
008 - FIXED-LENGTH DATA ELEMENTS--GENERAL INFORMATION
fixed length control field 150808s1995 ii ||||| |||| 00| 0 ben d
020 ## - INTERNATIONAL STANDARD BOOK NUMBER
International Standard Book Number 8170792703
035 ## - SYSTEM CONTROL NUMBER
System control number (BD-RjUL)37999
040 ## - CATALOGING SOURCE
Original cataloging agency BD-RjUL
Language of cataloging eng
Transcribing agency BD-RjUL
041 ## - LANGUAGE CODE
Language code of text/sound track or separate title eng
082 ## - DEWEY DECIMAL CLASSIFICATION NUMBER
Edition number 22
Classification number 954.14
Author mark and year ROB 1995
100 ## - MAIN ENTRY--PERSONAL NAME
Personal name রায়, নীহাররঞ্জন
9 (RLIN) 117407
245 ## - TITLE STATEMENT
Title বাঙ্গালীর ইতিহাস :
Remainder of title আদিপর্ব /
Statement of responsibility, etc. নীহাররঞ্জন রায়
250 ## - EDITION STATEMENT
Edition statement ২য় সং.
260 ## - PUBLICATION, DISTRIBUTION, ETC. (IMPRINT)
Place of publication, distribution, etc. কলকাতা :
Name of publisher, distributor, etc. দে'জ পাবলিশিং,
Date of publication, distribution, etc. ১৯৯৫.
300 ## - PHYSICAL DESCRIPTION
Pagination ৭৮৭ পৃ. :
Illustrations মানচিত্র;
Size ২১ সেমি.
650 ## - SUBJECT ADDED ENTRY--TOPICAL TERM
Topical term or geographic name as entry element বেঙ্গল (ভারত)
Form subdivision ইতিহাস
9 (RLIN) 117408
Topical term or geographic name as entry element Bengal (India)
Form subdivision History.
9 (RLIN) 117409
942 ## - ADDED ENTRY ELEMENTS (KOHA)
Source of classification or shelving scheme Dewey Decimal Classification
Koha item type Books
Holdings
Lost status Source of classification or shelving scheme Damaged status Not for loan Collection code Permanent Location Current Location Shelving location Date acquired Source of acquisition Cost, normal purchase price Total Checkouts Full call number Date last seen Date checked out Copy number Koha item type Total Renewals
  Dewey Decimal Classification     Fiction Central Library, University of Rajshahi Central Library, University of Rajshahi   11/03/2008 ঢাকা, হাইকমিশন অব ইন্ডিয়া 0.00 1 B 954.14 ROB 1995 07/09/2015 24/08/2015 C-2 Books  
  Dewey Decimal Classification     Non-fiction Central Library, University of Rajshahi Central Library, University of Rajshahi   26/06/1997 প্যারাগন এন্টারপ্রাইজ 260.00 6 B 954.14 ROB 1995 17/02/2020 02/02/2020 C-3 Books 1
  Dewey Decimal Classification     Non-fiction Central Library, University of Rajshahi Central Library, University of Rajshahi   30/01/1997 অংকুর প্র:, ঢাকা 260.00 8 B 954.14 ROB 1995 08/08/2018 16/07/2018 C-4 Books  
  Dewey Decimal Classification     Non-fiction Central Library, University of Rajshahi Central Library, University of Rajshahi   30/09/1997 Angkur Prokashan, Dhaka 260.00 1 B 954.14 ROB 1995 05/11/2024 17/10/2024 C-5 Books